Konfigurácia VPN na platforme GNS3

Gespeichert in:
Bibliographische Detailangaben
1. Verfasser: Polaček, Adam (Verfasst von)
Weitere Verfasser: Medvecký, Martin (Betreuung Doktorarbeit)
Format: Manuskript Buch
Sprache:Slowakisch
Veröffentlicht: Bratislava : STU v Bratislave FEI, 2025
Schlagworte:
Online-Zugang:https://opac.crzp.sk/?fn=detailBiblioFormChildG5AAL&sid=8D80AD18777FCC7F65B4BC4DC29E&seo=CRZP-detail-kniha
Tags: Tag hinzufügen
Keine Tags, Fügen Sie das erste Tag hinzu!

MARC

LEADER 00000ntm a22000003a 4500
001 stuzp102204
003 SK-STU
005 20260206102817.1
007 ta
008 150427s2015----xo-----f-mn---000-0-slo-d
040 |a STU  |b slo 
041 0 |a slo 
044 |a xo 
100 1 |a Polaček, Adam  |u 037000  |4 aut  |U FEI Fakulta elektrotechniky a informatiky  |T FEI Ústav multimediálnych informačných a komunikačných technológií  |X 126587  |U E070  |Y 818  |7 126587 
242 0 1 |a VPN configuration on the GNS3 platform  |y eng 
245 1 0 |a Konfigurácia VPN na platforme GNS3 
260 |a Bratislava :  |b STU v Bratislave FEI,  |c 2025 
300 |a 75 s. 
650 4 |a VPN  |2 slo 
650 4 |a Cisco  |2 slo 
650 4 |a FortiGate  |2 slo 
650 4 |a GNS3  |2 slo 
650 4 |a PPTP  |2 slo 
650 4 |a ADVPN  |2 slo 
650 4 |a VPN  |2 eng 
650 4 |a Cisco  |2 eng 
650 4 |a FortiGate  |2 eng 
650 4 |a GNS3  |2 eng 
650 4 |a PPTP  |2 eng 
650 4 |a ADVPN  |2 eng 
700 1 |a Medvecký, Martin  |u 039101  |k Z8  |4 ths  |U FEI Sekretariát dekana  |T FEI Kancelária dekana  |X 1980  |U 039101  |Y 700  |7 A000001980 
856 4 |u https://opac.crzp.sk/?fn=detailBiblioFormChildG5AAL&sid=8D80AD18777FCC7F65B4BC4DC29E&seo=CRZP-detail-kniha